000 00442nam a2200181Ia 4500
001 16607
005 20260306170322.0
008 260306t2014||||xx |||||||||||||| ||und||
041 _aESP
082 _a348.8
_bJ53
100 _aJiménez Coronado, Ludmin
_eAUT
245 0 _aComo afrontar una fiscalización laboral
260 _c2014
300 _a63 páginas :
_c24 cm.
650 _aGEN
654 _aCDE
942 _cLIB
_dJUS
_fJUS
_2ddc
_n
999 _c16607
_d16607